000 00300nam a22001457a 4500
008 210511b ||||| |||| 00| 0 eng d
020 _a1555466761
041 _aeng
080 _a61
082 _a61
100 _a4
101 _aSHM
245 _aMedical Researcher
_cSabin,F
942 _2udc
_cBK
999 _c57204
_d57204